00495nam a2200193 a 4500001001300000003000900013005001700022008004100039020001000080082001900090100001700109245004600126260003800172300000900210500003500219505001200254650001800266700001700284nice12345678IN_TiNIC20260116011527.0050524s1932 ista grs 000 0 trg  ac10000a220.9505bBUN2 aBunyan, John aHacc Yolunda. Pilgrim`s Progress, Turkish aIstanbulbSelamet Matbaasi.c1932 a461p aincludes index and biblioraphy2 aTurkish aBible Stories1 aBunyan, John